| 000 | 00484nam a22001697a 4500 | ||
|---|---|---|---|
| 003 | OSt | ||
| 005 | 20260421084125.0 | ||
| 008 | 260421b |||||||| |||| 00| 0 eng d | ||
| 040 |
_aDWC-Main lib _cOC |
||
| 082 | _aCirc. 100 J879 1957 | ||
| 100 | _aC.E.M, JOAD | ||
| 245 |
_aA Guide to Philosophy/ _cC.E.M., JOAD |
||
| 260 |
_aN.Y : _bDover Publications , _cc1957. |
||
| 300 |
_a592 pages : _billustrations ; _c20cm. |
||
| 650 | _a1. Philosophy | ||
| 942 |
_2ddc _cBK-CIRC _kCirc. _n0 |
||
| 999 |
_c9612 _d9612 |
||